[Event "9th EUROPEAN  INDIVIDUAL  WOME"]
[Site "Plovdiv, Bulgaria"]
[Date "2008.04.30"]
[Round "9"]
[Board "1"]
[White "Voicu, Carmen"]
[Black "Hairapetian, Anna"]
[Result "1-0"]
[WhiteElo "2290"]
[BlackElo "2115"]
[PlyCount "113"]
[EventDate "2008.04.21"]
[EventRounds "11"]
[EventCountry "BUL"]

1.e4 c5 2.Nf3 Nc6 3.Bb5 g6 4.Bxc6 dxc6 5.d3 Bg7 6.h3 e5 7.Be3 b6 8.Nc3 Ne7 9.Qd2
O-O 10.Bh6 Qc7 11.Ne2 Be6 12.b3 Rad8 13.Ng3 f6 14.Bxg7 Kxg7 15.Qc3 Qd6 16.Ne2
Nc8 17.O-O Rf7 18.Nd2 g5 19.Nc4 Qc7 20.Ne3 Ne7 21.Ng3 Kh8 22.Rfe1 Qd7 23.a4 Ng6
24.Ngf5 Nh4 25.Nxh4 gxh4 26.Kh2 Qd4 27.Qxd4 cxd4 28.Nf1 c5 29.Nd2 a6 30.Nf3 Rc7
31.Nxh4 b5 32.axb5 axb5 33.Ra6 Bg8 34.Rxf6 c4 35.bxc4 bxc4 36.Nf3 c3 37.Nxe5 Ra8
38.Nf3 Ra2 39.Rc1 Rd7 40.Rb6 Rb2 41.Ra6 Rb4 42.g4 Rd8 43.Kg3 Bf7 44.Rca1 Kg7
45.Ra7 Kf8 46.Ne5 Be8 47.R1a6 Rb2 48.Rxh7 Rxc2 49.Raa7 Kg8 50.Rag7+ Kf8 51.Rc7
Kg8 52.g5 Rc1 53.Ng4 Rg1+ 54.Kf4 Rxg4+ 55.hxg4 c2 56.Rh1 Ba4 57.g6

[Event "9th EUROPEAN  INDIVIDUAL  WOME"]
[Site "Plovdiv, Bulgaria"]
[Date "2008.04.30"]
[Round "9"]
[Board "1"]
[White "Butuc, Maria"]
[Black "Andriasian, Siranush"]
[Result "1/2-1/2"]
[WhiteElo "2137"]
[BlackElo "2278"]
[PlyCount "44"]
[EventDate "2008.04.21"]
[EventRounds "11"]
[EventCountry "BUL"]

1.e4 e5 2.Nf3 Nc6 3.Bc4 Nf6 4.d3 Bc5 5.c3 a6 6.Bb3 d6 7.Nbd2 Ba7 8.h3 O-O 9.O-O
h6 10.Re1 Nh5 11.Nf1 Qf6 12.Be3 Nf4 13.Kh2 Ne7 14.d4 Neg6 15.Ng3 Be6 16.Bc2 Rfe8
17.Nf5 Bxf5 18.exf5 Nh4 19.Nxh4 Qxh4 20.Qf3 c6 21.dxe5 dxe5 22.Qg4 Qxg4

[Event "9th EUROPEAN  INDIVIDUAL  WOME"]
[Site "Plovdiv, Bulgaria"]
[Date "2008.04.30"]
[Round "9"]
[Board "1"]
[White "Danelia, Mariam"]
[Black "Tarasova, Viktoriya"]
[Result "1/2-1/2"]
[WhiteElo "2129"]
[BlackElo "2276"]
[PlyCount "75"]
[EventDate "2008.04.21"]
[EventRounds "11"]
[EventCountry "BUL"]

1.d4 Nf6 2.c4 e6 3.Nc3 Bb4 4.Qc2 d5 5.a3 Bxc3+ 6.Qxc3 dxc4 7.Qxc4 b6 8.Nf3 Ba6
9.Qc2 O-O 10.g3 Bb7 11.Bg2 Be4 12.Qa4 Nc6 13.Be3 Qd5 14.O-O b5 15.Qd1 Na5 16.Rc1
Nc4 17.b3 Nxe3 18.fxe3 Ng4 19.Rc3 a5 20.Qd2 b4 21.axb4 axb4 22.Rc4 Ra3 23.h3 Nh6
24.Qxb4 Ra2 25.Rc5 Qd6 26.Nd2 Rxd2 27.Qxd2 Qxg3 28.Rf2 Nf5 29.Re5 Bxg2 30.Rxg2
Qxh3 31.e4 Ne3 32.Reg5 Nxg2 33.Rxg7+ Kh8 34.Rxg2 f6 35.Qf4 Qxb3 36.Qxc7 Rg8
37.Rxg8+ Kxg8 38.Kf2

[Event "9th EUROPEAN  INDIVIDUAL  WOME"]
[Site "Plovdiv, Bulgaria"]
[Date "2008.04.30"]
[Round "9"]
[Board "1"]
[White "Skinke, Katrina"]
[Black "Bojkovic, Natasa"]
[Result "0-1"]
[WhiteElo "2204"]
[BlackElo "2434"]
[PlyCount "66"]
[EventDate "2008.04.21"]
[EventRounds "11"]
[EventCountry "BUL"]

1.e4 c5 2.Nf3 e6 3.d4 cxd4 4.Nxd4 a6 5.Bd3 Nf6 6.O-O d6 7.Nc3 Nbd7 8.Be3 b5 9.a4
bxa4 10.Rxa4 Nc5 11.Ra1 Bb7 12.f3 Be7 13.Qe2 O-O 14.Rfd1 Qc7 15.Qf2 Rfd8 16.Qg3
Ncd7 17.Nb3 Ne5 18.Bf1 Nfd7 19.Na5 Rdb8 20.Bd4 Bf6 21.Ra2 Bc8 22.Nb3 Rb4 23.Qf2
h6 24.Nb5 Qb8 25.Ba7 Rxa7 26.Nxa7 Bb7 27.Bxa6 Bd8 28.Qd2 Qxa7+ 29.Kh1 Rb6 30.f4
Ng6 31.Bxb7 Qxa2 32.Qc3 Qa7 33.Na5 Nc5

[Event "9th EUROPEAN  INDIVIDUAL  WOME"]
[Site "Plovdiv, Bulgaria"]
[Date "2008.04.30"]
[Round "9"]
[Board "1"]
[White "Majdan, Joanna"]
[Black "Cherednichenko, Elena"]
[Result "1-0"]
[WhiteElo "2338"]
[BlackElo "2155"]
[PlyCount "97"]
[EventDate "2008.04.21"]
[EventRounds "11"]
[EventCountry "BUL"]

1.e4 e5 2.Nf3 Nc6 3.Bb5 g6 4.Bxc6 dxc6 5.O-O Bg7 6.b3 c5 7.Bb2 Qe7 8.Na3 Nh6
9.h3 O-O 10.Qe2 Re8 11.Nc4 f6 12.a4 b6 13.a5 Be6 14.Ne3 Qd7 15.Rfd1 Qc6 16.d3
Nf7 17.g4 Qd7 18.Kh1 Bh6 19.Nh4 c6 20.Rg1 Qe7 21.Nf3 Bxe3 22.Qxe3 g5 23.b4 cxb4
24.axb6 c5 25.bxa7 Rxa7 26.Rxa7 Qxa7 27.Ra1 Qb6 28.Kh2 h6 29.Nd2 Nd6 30.Qf3 Kg7
31.Nf1 Nb5 32.Ng3 Bd7 33.h4 gxh4 34.Nf5+ Kh7 35.Bc1 Rg8 36.Nxh6 Nd4 37.Qh3 Rg7
38.Nf5 Bxf5 39.gxf5 Kg8 40.Bh6 Rg5 41.Bxg5 fxg5 42.Qg4 Qh6 43.Ra8+ Kg7 44.Ra7+
Kg8 45.Kh3 Nb5 46.Re7 Nd4 47.f6 Qxf6 48.Qc8+ Qf8 49.Re8

[Event "9th EUROPEAN  INDIVIDUAL  WOME"]
[Site "Plovdiv, Bulgaria"]
[Date "2008.04.30"]
[Round "9"]
[Board "1"]
[White "Videnova, Iva"]
[Black "Klinova, Masha"]
[Result "0-1"]
[WhiteElo "2178"]
[BlackElo "2318"]
[PlyCount "106"]
[EventDate "2008.04.21"]
[EventRounds "11"]
[EventCountry "BUL"]

1.e4 e5 2.Nf3 Nc6 3.Bb5 a6 4.Ba4 Nf6 5.O-O Be7 6.Re1 b5 7.Bb3 d6 8.h3 O-O 9.c3
Bb7 10.d4 h6 11.Nbd2 Re8 12.Nf1 Bf8 13.Ng3 Na5 14.Bc2 c5 15.d5 g6 16.Bd3 c4
17.Bf1 Bc8 18.Nh2 Nb7 19.a4 Bd7 20.Qf3 Qe7 21.Be3 Nc5 22.Bxc5 dxc5 23.a5 h5
24.Qe3 h4 25.Ne2 Nh5 26.g4 hxg3 27.fxg3 Kh7 28.Qf3 Bg7 29.Bg2 Qf6 30.Qxf6 Nxf6
31.Rf1 Re7 32.Rad1 Kg8 33.g4 Ne8 34.g5 Nd6 35.Ra1 Rb8 36.Nc1 Bc8 37.b3 Rc7
38.Ng4 Bxg4 39.hxg4 Bf8 40.Rb1 Be7 41.bxc4 Nxc4 42.Nb3 Bxg5 43.Rfe1 Kg7 44.Bf1
Nd2 45.Nxd2 Bxd2 46.Re2 Bxc3 47.Rc2 Bd4+ 48.Kg2 Rd8 49.Kf3 Kf6 50.Rg2 Kg5 51.Rh2
Rd6 52.Bd3 c4 53.Bc2 Bc3

[Event "9th EUROPEAN  INDIVIDUAL  WOME"]
[Site "Plovdiv, Bulgaria"]
[Date "2008.04.30"]
[Round "9"]
[Board "1"]
[White "Marin, Irina Luiza"]
[Black "Fakhiridou, Ekaterini"]
[Result "1/2-1/2"]
[WhiteElo "2182"]
[BlackElo "2292"]
[PlyCount "64"]
[EventDate "2008.04.21"]
[EventRounds "11"]
[EventCountry "BUL"]

1.c4 e5 2.g3 g6 3.Bg2 Bg7 4.Nc3 d6 5.d3 c6 6.e4 Be6 7.Nge2 Qd7 8.O-O Ne7 9.f4
O-O 10.Be3 f5 11.b3 d5 12.fxe5 Bxe5 13.d4 Bg7 14.exd5 cxd5 15.Nf4 dxc4 16.Nxe6
Qxe6 17.Re1 Qd7 18.bxc4 Nbc6 19.Rb1 f4 20.gxf4 Nf5 21.Bf2 Nfxd4 22.Nb5 Rxf4
23.Nxd4 Bxd4 24.Bxd4 Rxd4 25.Qb3 Rg4 26.c5+ Kh8 27.Qxb7 Rxg2+ 28.Kxg2 Qg4+
29.Kh1 Qf3+ 30.Kg1 Qg4+ 31.Kh1 Qf3+ 32.Kg1 Qg4+

[Event "9th EUROPEAN  INDIVIDUAL  WOME"]
[Site "Plovdiv, Bulgaria"]
[Date "2008.04.30"]
[Round "9"]
[Board "1"]
[White "Ionica, Iulia Ionela"]
[Black "Zhorzholiani, Meri"]
[Result "1-0"]
[WhiteElo "2278"]
[BlackElo "2133"]
[PlyCount "49"]
[EventDate "2008.04.21"]
[EventRounds "11"]
[EventCountry "BUL"]

1.e4 c5 2.Nf3 d6 3.d4 cxd4 4.Nxd4 Nf6 5.Nc3 Nc6 6.Bg5 e6 7.Qd2 Qb6 8.Bxf6 gxf6
9.Nb3 a6 10.O-O-O Qc7 11.f4 Bd7 12.Be2 h5 13.Rhf1 b5 14.Bf3 Rb8 15.Kb1 b4 16.Ne2
a5 17.Nbd4 a4 18.Nxc6 Bxc6 19.Nd4 Bd7 20.Be2 Qc5 21.Rf3 Rb6 22.Rh3 Bg7 23.c4
bxc3 24.Rxc3 Qb4 25.a3

[Event "9th EUROPEAN  INDIVIDUAL  WOME"]
[Site "Plovdiv, Bulgaria"]
[Date "2008.04.30"]
[Round "9"]
[Board "1"]
[White "Makropoulou, Marina"]
[Black "Kazimova, Narmin"]
[Result "1/2-1/2"]
[WhiteElo "2254"]
[BlackElo "2071"]
[PlyCount "88"]
[EventDate "2008.04.21"]
[EventRounds "11"]
[EventCountry "BUL"]

1.e4 c5 2.Nf3 d6 3.d4 cxd4 4.Nxd4 Nf6 5.Nc3 a6 6.Bg5 e6 7.f4 Qb6 8.Nb3 Qe3+
9.Qe2 Ng4 10.Nd1 Qxe2+ 11.Bxe2 Nf6 12.Bf3 Be7 13.Ne3 h6 14.Bxf6 gxf6 15.Nc4 O-O
16.O-O-O Rd8 17.Rd2 b5 18.Nxd6 Rxd6 19.Rxd6 Bxd6 20.e5 Ra7 21.exd6 Bb7 22.Bxb7
Rxb7 23.Nc5 Ra7 24.Rd1 Nd7 25.b4 Kf8 26.Nxd7+ Rxd7 27.c4 bxc4 28.Kc2 Ke8 29.Kc3
Rb7 30.Kxc4 Kd7 31.a4 Rb6 32.b5 axb5+ 33.axb5 Rxd6 34.Ra1 Rd2 35.Ra7+ Kd6 36.g3
Rxh2 37.Rxf7 f5 38.Kb4 Rg2 39.Rg7 h5 40.Rg5 Rb2+ 41.Kc4 Rc2+ 42.Kb4 Rb2+ 43.Kc4
Rc2+ 44.Kb4 Rb2+

[Event "9th EUROPEAN  INDIVIDUAL  WOME"]
[Site "Plovdiv, Bulgaria"]
[Date "2008.04.30"]
[Round "9"]
[Board "1"]
[White "Ni, Viktorija"]
[Black "Ohme, Melanie"]
[Result "0-1"]
[WhiteElo "2120"]
[BlackElo "2248"]
[PlyCount "106"]
[EventDate "2008.04.21"]
[EventRounds "11"]
[EventCountry "BUL"]

1.d4 Nf6 2.c4 g6 3.Nc3 Bg7 4.e4 d6 5.h3 O-O 6.Nf3 e5 7.d5 a5 8.Bg5 Na6 9.Bd3 c6
10.Nd2 Bd7 11.g4 Nc7 12.Qe2 Rb8 13.Rg1 cxd5 14.cxd5 b5 15.a4 bxa4 16.Ra2 Rb4
17.Nc4 Nb5 18.Nxb5 Bxb5 19.Bd2 Rb3 20.Bxa5 Qb8 21.Bc3 Rc8 22.Kf1 Nd7 23.Na5 Bxd3
24.Qxd3 Nc5 25.Qe2 Rb6 26.Nc6 Qb7 27.Kg2 Ra8 28.f3 Ne6 29.Qc4 Nd4 30.Na5 Rxa5
31.Bxa5 Rxb2+ 32.Kh1 Nxf3 33.Rc1 Rxa2 34.Qxa2 Bh6 35.Rb1 Qa6 36.Bd8 Qd3 37.Bf6
Nd2 38.Rb8+ Bf8 39.Be7 Qxh3+ 40.Kg1 Nf3+ 41.Kf2 Qh2+ 42.Kxf3 Qxa2 43.Rxf8+ Kg7
44.g5 Qb3+ 45.Kf2 Qc2+ 46.Ke3 Qc3+ 47.Ke2 Qc4+ 48.Ke3 Qd4+ 49.Kf3 Qd3+ 50.Kf2
Qd2+ 51.Kf3 Qf4+ 52.Kg2 Qg4+ 53.Kh1 Qd7

[Event "9th EUROPEAN  INDIVIDUAL  WOME"]
[Site "Plovdiv, Bulgaria"]
[Date "2008.04.30"]
[Round "9"]
[Board "1"]
[White "Jelica, Mara"]
[Black "Foisor, Sabina Francesca"]
[Result "0-1"]
[WhiteElo "2206"]
[BlackElo "2375"]
[PlyCount "120"]
[EventDate "2008.04.21"]
[EventRounds "11"]
[EventCountry "BUL"]

1.e4 c6 2.d4 g6 3.Nc3 d5 4.Nf3 Bg7 5.Be2 Nh6 6.h3 f6 7.O-O Nf7 8.exd5 cxd5
9.Bb5+ Nc6 10.Re1 O-O 11.Bf4 e6 12.a3 a6 13.Ba4 Na5 14.b4 Nc4 15.Bb3 Ncd6 16.Qd3
Bd7 17.a4 Rc8 18.a5 Nc4 19.Nd2 Nb2 20.Qf3 b5 21.Rab1 Nc4 22.Bxc4 dxc4 23.Nde4
Bc6 24.Qg3 Qxd4 25.Rbd1 Qa7 26.Nc5 e5 27.Be3 Qe7 28.Nxa6 Rfe8 29.Bb6 f5 30.Nc5
f4 31.Qh2 Ng5 32.h4 Ne6 33.Nxe6 Qxe6 34.Ne4 Bf8 35.c3 Be7 36.Qh3 Qf5 37.Qxf5
gxf5 38.Nd6 Bxd6 39.Rxd6 Kf7 40.f3 Re6 41.Red1 e4 42.Rxe6 Kxe6 43.Bc5 Bd5 44.Kf2
Rg8 45.Rg1 Bb7 46.g4 e3+ 47.Ke2 fxg4 48.fxg4 Ke5 49.g5 Rd8 50.Bd4+ Ke4 51.g6 f3+
52.Kf1 Bc8 53.Rh1 hxg6 54.h5 gxh5 55.Rxh5 Kd3 56.a6 Bxa6 57.Re5 Rxd4 58.cxd4
Kxd4 59.Rc5 Bb7 60.Rxb5 Be4

[Event "9th EUROPEAN  INDIVIDUAL  WOME"]
[Site "Plovdiv, Bulgaria"]
[Date "2008.04.30"]
[Round "9"]
[Board "1"]
[White "Sandu, Mihaela"]
[Black "Lematschko, Tatjana"]
[Result "1-0"]
[WhiteElo "2325"]
[BlackElo "2189"]
[PlyCount "85"]
[EventDate "2008.04.21"]
[EventRounds "11"]
[EventCountry "BUL"]

1.e4 e6 2.d4 d5 3.Nc3 Bb4 4.exd5 exd5 5.Bd3 c6 6.Qf3 Qf6 7.Bf4 Qe6+ 8.Nge2 Qg4
9.Qe3+ Qe6 10.Qg3 Nd7 11.Qxg7 Qf6 12.Qg3 Ne7 13.O-O-O Ng6 14.Bg5 Qd6 15.Nf4 Ndf8
16.Rde1+ Be6 17.Nxe6 Nxe6 18.f4 O-O 19.Bh6 Nexf4 20.Bxf8 Nxd3+ 21.Qxd3 Rxf8
22.g3 Qf6 23.a3 Bd6 24.Kb1 Qd8 25.Nd1 Re8 26.Ne3 Re6 27.Nf5 Bf8 28.Qd2 Qf6
29.Nh6+ Bxh6 30.Qxh6 Qxd4 31.Rxe6 fxe6 32.h4 Qg7 33.Qg5 Ne7 34.Qe3 e5 35.Rf1 b6
36.Qf3 e4 37.Qf4 Kh8 38.h5 h6 39.Qd6 Ng8 40.Qxc6 Qe5 41.Qg6 Qg7 42.Rf7 Qxg6
43.hxg6

[Event "9th EUROPEAN  INDIVIDUAL  WOME"]
[Site "Plovdiv, Bulgaria"]
[Date "2008.04.30"]
[Round "9"]
[Board "1"]
[White "Srebrnic, Ana"]
[Black "Bednikova, Stefi"]
[Result "1-0"]
[WhiteElo "2283"]
[BlackElo "2086"]
[PlyCount "121"]
[EventDate "2008.04.21"]
[EventRounds "11"]
[EventCountry "BUL"]

1.d4 d6 2.e4 g6 3.Be3 Bg7 4.Nc3 Nf6 5.Qd2 Ng4 6.Bg5 h6 7.Bh4 c6 8.h3 Nf6 9.f4 b5
10.a3 O-O 11.Bd3 a6 12.e5 dxe5 13.dxe5 Nd5 14.Nge2 Qc7 15.O-O Rd8 16.Nxd5 cxd5
17.Nd4 Re8 18.a4 bxa4 19.Rxa4 Bd7 20.Ra2 Nc6 21.Nxc6 Qxc6 22.Rfa1 Bc8 23.Bf2 g5
24.fxg5 Bxe5 25.gxh6 Qf6 26.Rf1 Bf4 27.Be3 e5 28.Bxf4 exf4 29.Qxf4 Qxf4 30.Rxf4
Ra7 31.Ra5 Be6 32.Rxa6 Rxa6 33.Bxa6 Kh7 34.Rf6 Ra8 35.Bd3+ Kh8 36.Rf4 Rg8 37.g4
Rd8 38.Ra4 d4 39.Kf2 Kg8 40.Kg3 f6 41.Kf4 Kf8 42.Ra7 Kg8 43.b4 Bd5 44.b5 Re8
45.Rd7 Bg2 46.Rxd4 Bxh3 47.Re4 Rb8 48.Kg3 f5 49.gxf5 Bxf5 50.Rg4+ Bxg4 51.Kxg4
Rb6 52.h7+ Kh8 53.Kf4 Rf6+ 54.Ke5 Rh6 55.c4 Rh3 56.Kd4 Rh4+ 57.Be4 Rh6 58.c5 Rh2
59.b6 Rb2 60.b7 Rb4+ 61.Ke5

[Event "9th EUROPEAN  INDIVIDUAL  WOME"]
[Site "Plovdiv, Bulgaria"]
[Date "2008.04.30"]
[Round "9"]
[Board "1"]
[White "Cherednichenko, Svetlana"]
[Black "Pavlidou, Ekaterini"]
[Result "0-1"]
[WhiteElo "2270"]
[BlackElo "1978"]
[PlyCount "84"]
[EventDate "2008.04.21"]
[EventRounds "11"]
[EventCountry "BUL"]

1.d4 Nf6 2.Nf3 e6 3.e3 b6 4.Bd3 Bb7 5.Nbd2 d5 6.b3 Nbd7 7.Bb2 Bd6 8.O-O O-O
9.Ne5 Ne4 10.f4 f6 11.Nxd7 Qxd7 12.Nxe4 dxe4 13.Bc4 b5 14.Be2 b4 15.a4 Bd5 16.a5
Rfd8 17.Qe1 f5 18.g4 Bf8 19.Kh1 Qf7 20.Rg1 Rab8 21.h4 Be7 22.h5 fxg4 23.Bxg4 Qf6
24.Rg3 Rf8 25.Qe2 Bd6 26.Rag1 Rf7 27.Qh2 Qh6 28.Qh3 Rb5 29.Ra1 Bxf4 {Diagram #}
30.Be2 Bxg3 31.Qxg3 Rb8 32.Rg1 Rbf8 33.Rg2 Rf1+ 34.Bxf1 Rxf1+ 35.Rg1 Qxh5+
36.Qh2 Rxg1+ 37.Kxg1 Qd1+ 38.Kg2 Qxc2+ 39.Kg3 Qxh2+ 40.Kxh2 Bxb3 41.Kg3 Bd5
42.Kf4 a6

[Event "9th EUROPEAN  INDIVIDUAL  WOME"]
[Site "Plovdiv, Bulgaria"]
[Date "2008.04.30"]
[Round "9"]
[Board "1"]
[White "Calzetta, Monica"]
[Black "Bensdorp, Laura"]
[Result "1/2-1/2"]
[WhiteElo "2264"]
[BlackElo "2085"]
[PlyCount "112"]
[EventDate "2008.04.21"]
[EventRounds "11"]
[EventCountry "BUL"]

1.e4 c5 2.Nf3 d6 3.d4 cxd4 4.Nxd4 Nf6 5.Nc3 Nc6 6.Bg5 e6 7.Qd2 a6 8.O-O-O Bd7
9.f3 Be7 10.h4 h6 11.Be3 h5 12.Kb1 Qc7 13.Bg5 Ne5 14.Bd3 b5 15.Rhe1 Qb6 16.Bf1
b4 17.Nce2 Nc4 18.Qc1 Rc8 19.Ng3 g6 20.Bxc4 Rxc4 21.Qd2 e5 22.Nde2 Rc6 23.Nf1
Be6 24.Ne3 a5 25.Nd5 Bxd5 26.exd5 Rc7 27.Ng3 O-O 28.Re2 Qb7 29.Ne4 Nxe4 30.fxe4
Rc4 31.Rf1 Qd7 32.Bxe7 Qxe7 33.g4 Qxh4 34.gxh5 Rd4 35.Qe3 Qxh5 36.a3 f5 37.exf5
Rxf5 38.Rxf5 Qxf5 39.axb4 axb4 40.Rf2 Rd1+ 41.Ka2 Qc8 42.Qa7 Qe8 43.Kb3 Rd4
44.Rf6 Rxd5 45.Rxg6+ Qxg6 46.Qa8+ Kg7 47.Qxd5 Qf7 48.Qxf7+ Kxf7 49.Kxb4 Ke6
50.c4 Kd7 51.Kc3 Kc6 52.b4 Kb6 53.Kd3 Kc7 54.Ke3 Kb6 55.Ke4 Kc6 56.Kd3 Kc7

[Event "9th EUROPEAN  INDIVIDUAL  WOME"]
[Site "Plovdiv, Bulgaria"]
[Date "2008.04.30"]
[Round "9"]
[Board "1"]
[White "Ikonomopoulou, Maria"]
[Black "Maksimovic, Suzana"]
[Result "0-1"]
[WhiteElo "2050"]
[BlackElo "2264"]
[PlyCount "46"]
[EventDate "2008.04.21"]
[EventRounds "11"]
[EventCountry "BUL"]

1.e4 c5 2.Nf3 Nc6 3.Nc3 Nf6 4.d4 cxd4 5.Nxd4 e5 6.Ndb5 d6 7.Bg5 a6 8.Na3 b5
9.Nd5 Be7 10.Bxf6 Bxf6 11.c3 Bg5 12.Nc2 Ne7 13.a4 bxa4 14.Ncb4 O-O 15.Rxa4 a5
16.Nxe7+ Qxe7 17.g3 axb4 18.Rxa8 bxc3 19.bxc3 Qb7 20.Ra4 Qb2 21.Rc4 Be6 22.Qe2
Qc1+ 23.Qd1 Bd2+

[Event "9th EUROPEAN  INDIVIDUAL  WOME"]
[Site "Plovdiv, Bulgaria"]
[Date "2008.04.30"]
[Round "9"]
[Board "1"]
[White "Vladimirova, Maria"]
[Black "Gromova, Iulia"]
[Result "1/2-1/2"]
[WhiteElo "1976"]
[BlackElo "2232"]
[PlyCount "48"]
[EventDate "2008.04.21"]
[EventRounds "11"]
[EventCountry "BUL"]

1.e4 c6 2.d4 d5 3.Nc3 dxe4 4.Nxe4 Bf5 5.Ng3 Bg6 6.h4 h6 7.Nf3 Nd7 8.h5 Bh7 9.Bd3
Bxd3 10.Qxd3 Qc7 11.Bd2 Ngf6 12.O-O-O e6 13.Qe2 O-O-O 14.Ne5 Nb6 15.Ba5 c5
16.Bxb6 axb6 17.dxc5 Bxc5 18.Nd3 Rd5 19.Kb1 Rhd8 20.Nxc5 Rxd1+ 21.Rxd1 Rxd1+
22.Qxd1 Qxc5 23.Qf3 Qe5 24.a3 Qe1+

[Event "9th EUROPEAN  INDIVIDUAL  WOME"]
[Site "Plovdiv, Bulgaria"]
[Date "2008.04.30"]
[Round "9"]
[Board "1"]
[White "Bayrak, Asli"]
[Black "Nikolova, Adriana"]
[Result "0-1"]
[WhiteElo "2031"]
[BlackElo "2219"]
[PlyCount "68"]
[EventDate "2008.04.21"]
[EventRounds "11"]
[EventCountry "BUL"]

1.e4 c5 2.Nf3 d6 3.c3 Nf6 4.Bd3 Bg4 5.Bc2 e5 6.d3 Be7 7.Nbd2 Qc7 8.h3 Bh5 9.Nf1
Nc6 10.Ng3 Bg6 11.O-O O-O-O 12.Qe2 Nh5 13.Nf5 Bxf5 14.exf5 g6 15.Ng5 Rdf8 16.Bb3
Bd8 17.fxg6 hxg6 18.Bd2 Kb8 19.Rac1 Bxg5 20.Bxg5 f6 21.Bd2 g5 22.Rfd1 Rh7 23.Be3
Qe7 24.Qd2 Nf4 25.d4 {Diagram #} Kc7 26.dxc5 dxc5 27.Bxf4 gxf4 28.Qd5 f5
{Diagram #} 29.Re1 Rd8 30.Qe6 Qg5 31.Rcd1 Rg7 32.Bd5 e4 33.Bxe4 fxe4 34.Qxe4
Rdg8

[Event "9th EUROPEAN  INDIVIDUAL  WOME"]
[Site "Plovdiv, Bulgaria"]
[Date "2008.04.30"]
[Round "9"]
[Board "1"]
[White "Grapsa, Georgia"]
[Black "Paikidze, Nazi"]
[Result "1/2-1/2"]
[WhiteElo "2098"]
[BlackElo "2347"]
[PlyCount "42"]
[EventDate "2008.04.21"]
[EventRounds "11"]
[EventCountry "BUL"]

1.d4 Nf6 2.g3 e6 3.Bg2 d5 4.Nf3 Be7 5.O-O O-O 6.c4 c6 7.Qc2 b6 8.Rd1 Ba6 9.b3
Nbd7 10.Nbd2 Rc8 11.e4 dxe4 12.Nxe4 Nxe4 13.Qxe4 b5 14.Qc2 bxc4 15.bxc4 Qa5
16.Bd2 Qa3 17.Ng5 Bxg5 18.Bxg5 Nb6 19.c5 Nd5 20.Qb3 Qa5 21.Bd2 Qc7

[Event "9th EUROPEAN  INDIVIDUAL  WOME"]
[Site "Plovdiv, Bulgaria"]
[Date "2008.04.30"]
[Round "9"]
[Board "1"]
[White "Coimbra, Margarida"]
[Black "Petrenko, Svetlana"]
[Result "0-1"]
[WhiteElo "2120"]
[BlackElo "2314"]
[PlyCount "86"]
[EventDate "2008.04.21"]
[EventRounds "11"]
[EventCountry "BUL"]

1.e4 c6 2.Nc3 d5 3.Nf3 Nf6 4.e5 Ne4 5.d3 Nxc3 6.bxc3 c5 7.d4 c4 8.Be2 Qa5 9.Qd2
h6 10.O-O e6 11.Ne1 b5 12.f4 g6 13.g4 Nc6 14.Ng2 Be7 15.Ne3 Bd7 16.Qe1 O-O-O
17.a4 b4 18.Bd2 Qb6 19.a5 Qb5 20.Rb1 Kc7 21.Bd1 Qxa5 22.cxb4 Qb5 23.c3 a5 24.Nc2
axb4 25.cxb4 Ra8 26.Bc3 Ra2 27.Rf3 Na7 28.Ba1 Qa6 29.Bb2 Nb5 30.Ra1 Rxa1 31.Bxa1
Qa2 32.Rh3 Ra8 33.Bc3 Qb1 34.Bd2 Ra2 35.Rxh6 Rxc2 36.Bxc2 Qxc2 37.Qe3 Qd1+
38.Kf2 Qxg4 39.h3 Qd1 40.Rh7 Qc2 41.Kg3 c3 42.Be1 Bxb4 43.Rxf7 Qd1

[Event "9th EUROPEAN  INDIVIDUAL  WOME"]
[Site "Plovdiv, Bulgaria"]
[Date "2008.04.30"]
[Round "9"]
[Board "1"]
[White "Ivkina, Olga"]
[Black "Stefanova, Milena"]
[Result "1-0"]
[WhiteElo "2278"]
[BlackElo "2029"]
[PlyCount "47"]
[EventDate "2008.04.21"]
[EventRounds "11"]
[EventCountry "BUL"]

1.e4 d5 2.exd5 Nf6 3.d4 Nxd5 4.c4 Nb6 5.Nf3 Bg4 6.c5 N6d7 7.Bc4 e6 8.h3 Bxf3
9.Qxf3 Nc6 10.Be3 Qf6 11.Qd1 e5 12.d5 Nd4 13.b4 a5 14.Qa4 Qg6 15.O-O Nf5 16.Bd3
Qf6 17.Nc3 Nxe3 18.fxe3 Qd8 19.Bb5 b6 20.Ne4 Rb8 21.d6 bxc5 22.bxc5 Rxb5 23.Qxb5
cxd6 24.c6

[Event "9th EUROPEAN  INDIVIDUAL  WOME"]
[Site "Plovdiv, Bulgaria"]
[Date "2008.04.30"]
[Round "9"]
[Board "1"]
[White "Bakalarz, Grazyna"]
[Black "Padurariu, Ioana Smaranda"]
[Result "1/2-1/2"]
[WhiteElo "2006"]
[BlackElo "2242"]
[PlyCount "67"]
[EventDate "2008.04.21"]
[EventRounds "11"]
[EventCountry "BUL"]

1.d4 Nf6 2.Nf3 e6 3.Bf4 c5 4.e3 Qb6 5.b3 d5 6.Be2 Nc6 7.O-O Be7 8.Nc3 Nh5 9.Na4
Qa5 10.dxc5 Nxf4 11.exf4 Bxc5 12.Nxc5 Qxc5 13.Qd2 O-O 14.Rfd1 b5 15.Nd4 a6
16.Nxc6 Qxc6 17.c4 bxc4 18.bxc4 Bb7 19.cxd5 exd5 20.Rac1 Qf6 21.Bf3 Rac8 22.Rxc8
Rxc8 23.Bxd5 Bxd5 24.Qxd5 g6 25.g3 Qb2 26.a4 Qc2 27.Qd7 Rb8 28.Re1 Rb1 29.Qe8+
Kg7 30.Rxb1 Qxb1+ 31.Kg2 Qb7+ 32.Kg1 Qb1+ 33.Kg2 Qb7+ 34.Kg1

[Event "9th EUROPEAN  INDIVIDUAL  WOME"]
[Site "Plovdiv, Bulgaria"]
[Date "2008.04.30"]
[Round "9"]
[Board "1"]
[White "Umudova, Nargiz"]
[Black "De Rosa, Maria"]
[Result "1-0"]
[WhiteElo "2222"]
[BlackElo "2094"]
[PlyCount "115"]
[EventDate "2008.04.21"]
[EventRounds "11"]
[EventCountry "BUL"]

1.e4 c5 2.Nf3 d6 3.d4 cxd4 4.Nxd4 Nf6 5.Nc3 a6 6.Be2 e6 7.O-O Qc7 8.a4 b6 9.f4
Bb7 10.Bf3 Nc6 11.Nb3 Be7 12.Kh1 O-O 13.g4 Nb4 14.g5 Nd7 15.Be3 Rfe8 16.Bg2 Bf8
17.Qd2 Rad8 18.Qf2 Nc5 19.Rad1 d5 20.a5 Qc8 21.axb6 Nxe4 22.Nxe4 dxe4 23.Nc5 Bd5
24.b3 Bxc5 25.Bxc5 a5 26.c4 Bc6 27.Bxb4 axb4 28.Qc5 Qb7 29.Kg1 f5 30.gxf6 gxf6
31.Qe3 Kh8 32.Kf2 Rd3 33.Rxd3 exd3 34.Bxc6 Qxc6 35.Rg1 e5 36.f5 e4 37.Ke1 Ra8
38.Qd4 e3 39.b7 d2+ 40.Ke2 Re8 41.b8=Q Rxb8 42.Kxe3 Qe8+ 43.Kf2 Qe7 44.Qxd2 Qe5
45.Rg3 Qxf5+ 46.Rf3 Qe5 47.Qf4 Qb2+ 48.Kg3 Rg8+ 49.Kh4 Rg6 50.Re3 Rh6+ 51.Qxh6
Qxh2+ 52.Rh3 Qf2+ 53.Kg4 f5+ 54.Kg5 Qd2+ 55.Kxf5 Qc2+ 56.Ke5 Qb2+ 57.Kd5 Qg2+
58.Kc5

[Event "9th EUROPEAN  INDIVIDUAL  WOME"]
[Site "Plovdiv, Bulgaria"]
[Date "2008.04.30"]
[Round "9"]
[Board "1"]
[White "Boyarchenko, Marie"]
[Black "Makka, Ioulia"]
[Result "0-1"]
[WhiteElo "1877"]
[BlackElo "2204"]
[PlyCount "76"]
[EventDate "2008.04.21"]
[EventRounds "11"]
[EventCountry "BUL"]

1.e4 e6 2.d4 d5 3.exd5 exd5 4.Bd3 Nc6 5.c3 Bd6 6.Qf3 Nce7 7.Ne2 h5 8.h3 h4 9.Bf4
Be6 10.Nd2 f6 11.Bxd6 Qxd6 12.Nb3 O-O-O 13.O-O-O Kb8 14.Rhe1 Bc8 15.Nf4 g5
16.Ng6 Nxg6 17.Bxg6 Nh6 18.Bc2 g4 19.Qe3 gxh3 20.gxh3 Nf7 21.f4 Rdg8 22.Rg1 Re8
23.Qf3 Nh6 24.Nd2 Nf5 25.Nf1 Bd7 26.Kd2 Re7 27.Re1 Rxe1 28.Kxe1 Re8+ 29.Kd2 a5
30.Bd3 c5 31.dxc5 Qxc5 32.Rg2 d4 33.Re2 dxc3+ 34.bxc3 Rd8 35.Ne3 Bb5 36.c4 Qb4+
37.Kc1 Qa3+ 38.Kc2 Nd4+

[Event "9th EUROPEAN  INDIVIDUAL  WOME"]
[Site "Plovdiv, Bulgaria"]
[Date "2008.04.30"]
[Round "9"]
[Board "1"]
[White "Mammadova, Gulnar"]
[Black "Galunova, Tsveta"]
[Result "1-0"]
[WhiteElo "2188"]
[BlackElo "1816"]
[PlyCount "105"]
[EventDate "2008.04.21"]
[EventRounds "11"]
[EventCountry "BUL"]

1.e4 e5 2.Nf3 Nc6 3.Bc4 Bc5 4.c3 Bb6 5.d4 Qe7 6.O-O Nf6 7.d5 Nb8 8.Bd3 d6 9.h3
O-O 10.a4 a5 11.Bg5 h6 12.Bh4 Nbd7 13.Qd2 Nc5 14.Bc2 Bd7 15.Re1 Rfe8 16.Qd1 g5
17.Bg3 Nh5 18.Kh2 Qf6 19.Nbd2 Ng7 20.Nc4 Ba7 21.Nxa5 h5 22.h4 g4 23.Nd2 b5
24.axb5 Bxb5 25.c4 Bb6 26.cxb5 Bxa5 27.Rxa5 Rxa5 28.b4 Rxb5 29.bxc5 Rxc5 30.Nb3
Rb5 31.Qd3 Reb8 32.Ra1 Qh6 33.f3 Ne8 34.fxg4 hxg4 35.Rf1 Ng7 36.Be1 R5b6 37.g3
c5 38.Na5 Rb2 39.Bd2 Qg6 40.Nc4 Ra2 41.Bb3 Ra7 42.Na5 Rb6 43.Nc6 Rab7 44.Bc2 f6
45.Ba5 Rb2 46.Bd8 R7b3 {Diagram #} 47.Qxb3 Rxb3 48.Ne7+ Kh7 49.Nxg6 Rb2 50.Rf2
Kxg6 51.Rxf6+ Kh7 52.Rf2 c4 53.Kg2

[Event "9th EUROPEAN  INDIVIDUAL  WOME"]
[Site "Plovdiv, Bulgaria"]
[Date "2008.04.30"]
[Round "9"]
[Board "1"]
[White "Stiri, Alexandra"]
[Black "Mijovic, Aleksandra"]
[Result "1-0"]
[WhiteElo "2193"]
[BlackElo "2222"]
[PlyCount "87"]
[EventDate "2008.04.21"]
[EventRounds "11"]
[EventCountry "BUL"]

1.e4 c5 2.Nf3 e6 3.d4 cxd4 4.Nxd4 Nf6 5.Nc3 d6 6.g4 h6 7.h4 Nc6 8.Rg1 d5 9.Bb5
Bd7 10.exd5 Nxd5 11.Nxd5 exd5 12.Be3 Qa5+ 13.c3 O-O-O 14.Be2 Be7 15.Qd2 Rhe8
16.g5 hxg5 17.hxg5 f6 18.Nb3 Qa4 19.gxf6 gxf6 20.Qxd5 Bh3 21.Qh5 Be6 22.Bb5 Qe4
23.Nc5 Qf5 24.Qxf5 Bxf5 25.Nb3 Ne5 26.Nd4 Rxd4 27.cxd4 Nf3+ 28.Kd1 Rd8 29.Rc1+
Kb8 30.Rg7 Bf8 31.Rf7 Bb4 32.Rcc7 Be4 33.a3 Ba5 34.Rcd7 Rh8 35.Bf1 Rc8 36.Bg2
Bc6 37.b4 Bb6 38.Rde7 Bd8 39.Bf4+ Ka8 40.Rf8 Ba4+ 41.Ke2 Nxd4+ 42.Ke1 Bc6 43.Rc7
Rb8 44.Rxc6